000
00294nam a22001337a 4500
008
170622b xxu||||| |||| 00| 0 eng d
020
_a
9780136155560
041
_a
eng
080
_2
5TH
_a
32
100
_a
21
101
_a
SHP
245
_a
COMPARATIVE POLITICS
_c
MAHLER,G.S
942
_2
udc
_c
BK
999
_c
18675
_d
18675